Places To Study

There are group study rooms, individual study carrels, computer labs, and other spaces to study in the Libraries.

Reserve A Group Room

Online Resources

Access thousands of eBooks, audiobooks, and online journals from the comfort of your home.

Explore Resources

Events and Workshops

Join our upcoming events and workshops to enhance your skills and knowledge.

View Events

ပါမောက္ခချုပ်ဆရာတော် ဒေါက်တာနန္ဒမာလာဘိဝံသ၏ ဓမ္မခရီးနှင့် ဘဝဆီမီး / (Record no. 2219)

MARC details
000 -LEADER
fixed length control field 00908nam a22001697a 4500
003 - CONTROL NUMBER IDENTIFIER
control field OSt
005 - DATE AND TIME OF LATEST TRANSACTION
control field 20250911141746.0
008 - FIXED-LENGTH DATA ELEMENTS--GENERAL INFORMATION
fixed length control field 250911b |||||||| |||| 00| 0 eng d
040 ## - CATALOGING SOURCE
Transcribing agency DCL
082 ## - DEWEY DECIMAL CLASSIFICATION NUMBER
Classification number ၂၉၄.၃၀၉၂
100 0# - MAIN ENTRY--PERSONAL NAME
Personal name မြသန်းစံ
245 10 - TITLE STATEMENT
Title ပါမောက္ခချုပ်ဆရာတော် ဒေါက်တာနန္ဒမာလာဘိဝံသ၏ ဓမ္မခရီးနှင့် ဘဝဆီမီး /
Statement of responsibility, etc. ရေးသားပူဇော်သူ မြသန်းစံ။
260 ## - PUBLICATION, DISTRIBUTION, ETC.
Place of publication, distribution, etc. ရန်ကုန် ၊
Name of publisher, distributor, etc. ရွှေပြည်နန်းကုမ္ပဏီ၊
Date of publication, distribution, etc. ၂၀၂၀။
300 ## - PHYSICAL DESCRIPTION
Extent ၆၄၉ စာမျက်နှာ ၊
Dimensions ၂၆ စင်တီ။
650 ## - SUBJECT ADDED ENTRY--TOPICAL TERM
Topical term or geographic name entry element နန္ဒမာလာဘိဝံသ၊ ဒေါက်တာ-
General subdivision ထေရုပ္ပတ္တိ
942 ## - ADDED ENTRY ELEMENTS (KOHA)
Source of classification or shelving scheme Dewey Decimal Classification
Koha item type Long Term
Suppress in OPAC No
Holdings
Withdrawn status Lost status Source of classification or shelving scheme Damaged status Not for loan Collection Accession No. Home library Current library Shelving location Date acquired Total checkouts Full call number Barcode Date due Date last seen Date last checked out Price effective from Koha item type
    Dewey Decimal Classification     Myanmar Collection 2151 Dhammadhara Dhammadhara Myanmar Shelves 11/09/2025 1 ၂၉၄.၃၀၉၂ မြ ၂၁၅၁(၂) MB00002151 31/12/2025 01/12/2025 01/12/2025 11/09/2025 Long Term